| 000 | 00539cam a22002291 4500 | ||
|---|---|---|---|
| 001 | sa 64008424 | ||
| 003 | DLC | ||
| 005 | 20260227112054.0 | ||
| 008 | 941010q19001994ii a 000 0 orio | ||
| 010 | _asa 64008424 | ||
| 025 | _aPL480:I-O-286 | ||
| 035 | _a(OCoLC)31253656 | ||
| 040 |
_aDLC _cCU _dCU _dDLC |
||
| 042 | _apremarc | ||
| 050 | 0 | 0 |
_aJQ283 _b.N3 |
| 100 | 1 | _aNath, Satrughna. | |
| 245 | 1 | 0 | _aĀma yuga kathā. |
| 260 | _c19-- | ||
| 300 |
_av. _billus. _c18 cm. |
||
| 500 | _aIn Oriya. | ||
| 650 | 0 | _aCivics, East Indian. | |
| 999 |
_c60844 _d60844 |
||